Central Library OPAC University of Rajshahi

The business of film : (Record no. 82480)

MARC details
000 -LEADER
fixed length control field 03058nam a2200421 i 4500
001 - CONTROL NUMBER
control field 82480
003 - CONTROL NUMBER IDENTIFIER
rucl marc code BD-RjUL
005 - DATE AND TIME OF LATEST TRANSACTION
control field 20231217141717.0
008 - FIXED-LENGTH DATA ELEMENTS--GENERAL INFORMATION
fixed length control field 231217s2023 nyu ob 001 0 eng
020 ## - INTERNATIONAL STANDARD BOOK NUMBER
International Standard Book Number 9781003217480
Qualifying information (ebk)
Canceled/invalid ISBN 9781032108742
Qualifying information (hbk)
Canceled/invalid ISBN 9781032108742
Qualifying information (pbk)
035 ## - SYSTEM CONTROL NUMBER
System control number (BD-RjUL)82480
040 ## - CATALOGING SOURCE
Original cataloging agency DLC
Language of cataloging eng
Transcribing agency DLC
Description conventions rda
Modifying agency DLC
041 ## - LANGUAGE CODE
Language code of text/sound track or separate title eng
042 ## - AUTHENTICATION CODE
Authentication code pcc
082 00 - DEWEY DECIMAL CLASSIFICATION NUMBER
Classification number 791.430973
Edition number 23
Author mark and year GRB 2023
100 1# - MAIN ENTRY--PERSONAL NAME
Personal name Greenwald, Stephen R.,
Relator term author.
9 (RLIN) 10561
245 14 - TITLE STATEMENT
Title The business of film :
Remainder of title a practical introduction /
Statement of responsibility, etc. Stephen R. Greenwald, Paula Landry ; with additional content by Michael Kalb and Robert Garson Esq..
250 ## - EDITION STATEMENT
Edition statement Third edition.
264 #1 - PRODUCTION, PUBLICATION, DISTRIBUTION, MANUFACTURE, AND COPYRIGHT NOTICE
Place of production, publication, distribution, manufacture New York, NY :
Name of producer, publisher, distributor, manufacturer Routledge, Taylor & Francis Group,
Date of production, publication, distribution, manufacture, or copyright notice 2023.
300 ## - PHYSICAL DESCRIPTION
Pagination 1 online resource
336 ## - CONTENT TYPE
Content type term text
Content type code txt
Source rdacontent
337 ## - MEDIA TYPE
Media type term computer
Media type code c
Source rdamedia
338 ## - CARRIER TYPE
Carrier type term online resource
Carrier type code cr
Source rdacarrier
490 0# - SERIES STATEMENT
Series statement American Film Market presents
504 ## - BIBLIOGRAPHY, ETC. NOTE
Bibliography, etc Includes bibliographical references and index.
520 ## - SUMMARY, ETC.
Summary, etc. "This updated third edition introduces readers to the business of film at every stage of the filmmaking lifecycle, from planning and production to distribution. Celebrated authors Paula Landry and Stephen R. Greenwald offer a practical, hands-on guide to the business aspects of this evolving industry, exploring development, financing, regional/global/online distribution, business models, exhibition, multi-platform delivery, marketing, VR/AR, accounting, and more. The book is illustrated throughout with sample financing scenarios and charts/graphics, and includes detailed case studies from projects of different budgets and markets. This new and expanded edition has further been updated to reflect the new challenges facing the industry due to COVID-19 and how to navigate the new landscape of film financing and distribution. Other updates include coverage of new indie films and distributors, changes to virtual production, the recent impact of global markets including the biggest streamers like Netflix and Amazon are disrupting and shaping the future of the business. This is essential reading for students looking for foundational knowledge of the film industry and guidance on how to successfully adapt to constant changes in the entertainment business. Extensive online support material accompanies the book including downloadable forms and templates, PowerPoint slides, quizzes and test banks, and other additional resources"--
588 ## - SOURCE OF DESCRIPTION NOTE
Source of description note Description based on print version record and CIP data provided by publisher.
700 1# - ADDED ENTRY--PERSONAL NAME
Personal name Landry, Paula,
Dates associated with a name 1969-
Relator term author.
Personal name Kalb, Michael,
Relator term author.
Personal name Garson Esq., Robert,
Relator term author.
776 08 - ADDITIONAL PHYSICAL FORM ENTRY
Relationship information Print version:
Main entry heading Greenwald, Stephen R.
Title Business of film
Edition Third edition.
Place, publisher, and date of publication New York : Routledge, Taylor & Francis Group, 2023
International Standard Book Number 9781032108742
Record control number (DLC) 2022017182
942 ## - ADDED ENTRY ELEMENTS (KOHA)
Source of classification or shelving scheme Dewey Decimal Classification
Koha item type Books
Holdings
Lost status Source of classification or shelving scheme Damaged status Not for loan Permanent Location Current Location Shelving location Date acquired Source of acquisition Cost, normal purchase price Total Checkouts Full call number Date last seen Copy number Koha item type
  Dewey Decimal Classification   Not For Loan Central Library, University of Rajshahi Central Library, University of Rajshahi Reading Room 10/12/2023 Dhaka: Omni Concept 3312.00   791.430973 GRB 2023 17/12/2023 C-1 Books
  Dewey Decimal Classification     Central Library, University of Rajshahi Central Library, University of Rajshahi General Stacks 10/12/2023 Dhaka: Omni Concept 3312.00   791.430973 GRB 2023 17/12/2023 C-2 Books
  Dewey Decimal Classification     Central Library, University of Rajshahi Central Library, University of Rajshahi General Stacks 10/12/2023 Dhaka: Omni Concept 3312.00   791.430973 GRB 2023 17/12/2023 C-3 Books